| 000 | 00337nam a22001337a 4500 | ||
|---|---|---|---|
| 008 | 230620b xxu||||| |||| 00| 0 eng d | ||
| 020 | _a0860034151 | ||
| 082 |
_a322.43 _bGRA |
||
| 100 | _cWynford Paul Grant | ||
| 245 | _aA Gift From the British Government | ||
| 260 |
_bWynford Paul Grant _c1989 |
||
| 300 | _aVII,175p | ||
| 942 |
_2ddc _cBK |
||
| 999 |
_c1706 _d1706 |
||